| 000 | 00686cam a2200229 a 4500 | ||
|---|---|---|---|
| 008 | |||
| 020 | _a0806708727 (Hbk.) | ||
| 049 | _aMAIN | ||
| 090 |
_aQM23.2 _bHAL |
||
| 100 | _aHall-Craggs, E. C. B. | ||
| 245 | 1 | 0 |
_aAnatomy as a basis for clinical medicine / _cby E.C.B. Hall-Craggs ; illustrated by Diane Abeloff. |
| 250 | _a2nd ed. | ||
| 260 |
_aBaltimore : _bUrban & Schwarzenberg, _cc1990. |
||
| 300 |
_a593 p. : _bill. (some col.) ; _c28 cm. |
||
| 650 | 0 | _aHuman anatomy. | |
| 650 | 2 | _aAnatomy. | |
| 907 |
_a.b10256131 _b09-09-15 _c22-05-08 |
||
| 003 | |||
| 005 | 20230120204154.0 | ||
| 040 | _cNUST | ||
| 942 |
_cBOOKS _kQM23.2 _mHAL |
||
| 999 |
_c118437 _d118437 |
||